| 000 | 00579nam a2200229Ia 4500 | ||
|---|---|---|---|
| 003 | OSt | ||
| 005 | 20220918203315.0 | ||
| 006 | a|||||r|||| 00| 0 | ||
| 007 | ta | ||
| 008 | 220917b |||||||| |||| 00| 0 eng d | ||
| 024 | _a107,425 | ||
| 037 | _cTextual | ||
| 040 |
_aARTS _cARTS _beng |
||
| 041 |
_2eng _aeng |
||
| 082 | _aV3:2:N6, K7 | ||
| 100 |
_aWright F J _9107886 |
||
| 245 | 0 | _aIntroduction to the study of democratic government | |
| 260 | _c1967 | ||
| 650 | _aHISTORY | ||
| 942 |
_hV3:2:N6, K7 _cTEXL _2CC |
||
| 999 |
_c230783 _d230783 |
||